000
00313nam a22001337a 4500
008
170824b xxu||||| |||| 00| 0 eng d
020
_a
9780762205158
041
_a
eng
080
_a
51
100
_a
38
101
_a
MAT
245
_a
SYMMETRY BASE TRIANGLES VARIABLE NUMERATOR
_c
HILL.M
942
_2
udc
_c
BK
999
_c
24778
_d
24778